00713nam a2200181Ia 4500001001000000003000500010008004100015010001100056040000900067100003200076245015500108260003400263300001000297502010400307650004000411700002700451710005300478Para_5657CHAP220125s1985 xx 000 0 und d a204087 cCHAP aAlcaraz Miranda, J. Antonio aMetodología para determinar el banco de semillas de malezas, en tres sistemas de labranza /c por J. Antonio Alcaraz Miranda y Carlos Flores Revilla aChapingo, Méx. :b el autor a55 h. aTesis (Ing. Agr. Esp. en Parasitología Agrícola). UACh. Departamento Parasitología Agrícola aMalas hierbas x semillas Labranza aFlores Revilla, Carlos aUACh. Departamento de Parasitología Agrícola